Fuentes del derecho civil español / por Felipe Clemente de Diego
Descripción Física:
365 p. ; 19 cm
Materias:
Dret civil -- Espanya
MARC
| LEADER | 00000nam a2200000Ia 4500 | ||
|---|---|---|---|
| 001 | 770 | ||
| 008 | 160829s1922 xx 000 0 cat d | ||
| 080 | |a D-1-144 | ||
| 100 | |a Clemente de Diego, Felipe |9 20185 | ||
| 245 | |a Fuentes del derecho civil español / por Felipe Clemente de Diego | ||
| 260 | |a Madrid : |b (Imp. Clásica Española), |c 1922 | ||
| 300 | |a 365 p. ; |c 19 cm | ||
| 490 | |a Publicaciones de la Residencia de Estudiantes ; 6 | ||
| 650 | |a Dret civil |x Espanya |9 28897 | ||
| 901 | |a Arxiu | ||
| 942 | |n 1 | ||
| 952 | |0 0 |1 0 |4 0 |6 D1144 |7 1 |9 41480 |a Arxiu |b Arxiu |d 2016-12-01 |l 0 |o D-1-144 |p 770 |r 2016-12-01 00:00:00 |w 2016-12-01 |y ARXIU | ||
| 999 | |c 43288 |d 43288 | ||